[Event "SLO-chT 18th"]
[Site "Murska Sobota"]
[Date "2008.12.08"]
[Round "3"]
[White "Volf, Ziga"]
[Black "Mesojedec, Zvonko"]
[Result "1-0"]
[WhiteElo "2180"]
[BlackElo "2127"]
[PlyCount "101"]
[EventDate "2008.12.06"]
[EventType "team-tourn"]
[EventRounds "9"]
[EventCountry "SLO"]
[SourceTitle "CBM 127 Extra"]
[Source "ChessBase"]
[SourceDate "2009.01.08"]
[SourceVersion "2"]
[SourceVersionDate "2009.01.28"]
[SourceQuality "1"]
[WhiteTeam "Krka Novo mesto"]
[BlackTeam "Sevnica Majcen"]
[WhiteTeamCountry "SLO"]
[BlackTeamCountry "SLO"]

1. e4 d5 2. exd5 Qxd5 3. Nc3 Qa5 4. Bc4 Nf6 5. d4 Bg4 6. f3 Bh5 7. Bd2 c6 8. Nd5 Qd8 9. Nxf6+ gxf6 10. Qe2 Qxd4 11. 0-0-0 Nd7 12. Nh3 Qe5 13. Be3 0-0-0 14. g4 Bg6 15. f4 Qa5 16. f5 Bxf5 17. gxf5 Qxf5 18. Nf2 e6 19. Bxa7 b6 20. Rxd7 Rxd7 21. Bxb6 Bc5 22. Bxc5 Qxc5 23. Ba6+ Kc7 24. Nd3 Qa5 25. Bc4 Rg8 26. Qf2 Qg5+ 27. Kb1 Qg2 28. Qa7+ Kd8 29. Qb6+ Ke7 30. Qc5+ Ke8 31. Rc1 Rg5 32. Qb6 Kf8 33. a4 Qxh2 34. Qxc6 Rc7 35. Qa8+ Kg7 36. Bb3 Qg2 37. Qxg2 Rxg2 38. Rh1 e5 39. a5 Ra7 40. Bd5 Rg4 41. b4 Rd4 42. Bc6 e4 43. Rh4 f5 44. Bb5 Kf6 45. c3 Rd8 46. Nc5 Rd2 47. Rxe4 Kg5 48. a6 Rg2 49. Re1 f4 50. Bc6 Rh2 51. b5 1-0

[Event "SLO-chT 18th"]
[Site "Murska Sobota"]
[Date "2008.12.07"]
[Round "2"]
[White "Gjuran, Denis"]
[Black "Mesojedec, Zvonko"]
[Result "1-0"]
[WhiteElo "2328"]
[BlackElo "2127"]
[PlyCount "69"]
[EventDate "2008.12.06"]
[EventType "team-tourn"]
[EventRounds "9"]
[EventCountry "SLO"]
[SourceTitle "CBM 127 Extra"]
[Source "ChessBase"]
[SourceDate "2009.01.08"]
[SourceVersion "2"]
[SourceVersionDate "2009.01.28"]
[SourceQuality "1"]
[WhiteTeam "Radenska Pomgrad"]
[BlackTeam "Sevnica Majcen"]
[WhiteTeamCountry "SLO"]
[BlackTeamCountry "SLO"]

1. e4 c6 2. d4 d5 3. f3 e6 4. Nc3 Bb4 5. a3 Bxc3+ 6. bxc3 dxe4 7. Qe2 e3 8. Qxe3 Nd7 9. Bd3 Qh4+ 10. g3 Qe7 11. a4 Nb6 12. f4 Qc7 13. Nf3 Ne7 14. 0-0 0-0 15. Qe4 Ng6 16. Ng5 Nd5 17. Ba3 Rd8 18. Qf3 Nf6 19. Rae1 Bd7 20. h4 Nf8 21. Be7 Re8 22. Bxf6 gxf6 23. Ne4 Qd8 24. Nd6 Re7 25. Nxb7 Qc7 26. Nc5 Rae8 27. Ne4 f5 28. Nf6+ Kh8 29. Nxe8 Rxe8 30. Qe3 Qd8 31. Qe5+ f6 32. Qc5 Re7 33. Rb1 Rg7 34. Kg2 Kg8 35. Qd6 1-0

[Event "SLO-chT 17th"]
[Site "Murska Sobota"]
[Date "2007.12.13"]
[Round "6"]
[White "Mesojedec, Zvonko"]
[Black "Logar, Metod"]
[Result "1/2-1/2"]
[WhiteElo "2152"]
[BlackElo "2024"]
[PlyCount "68"]
[EventDate "2007.12.09"]
[EventType "team-tourn"]
[EventRounds "9"]
[EventCountry "SLO"]
[SourceTitle "CBM 121 Extra"]
[Source "ChessBase"]
[SourceDate "2008.01.10"]
[SourceVersion "1"]
[SourceVersionDate "2008.01.10"]
[SourceQuality "1"]
[WhiteTeam "Sevnica Majcen"]
[BlackTeam "Kranj Tomo Zupan"]
[WhiteTeamCountry "SLO"]
[BlackTeamCountry "SLO"]

1. e4 c5 2. Nf3 d6 3. d4 cxd4 4. Nxd4 Nf6 5. Nc3 g6 6. Be3 Bg7 7. Qd2 Ng4 8. Bg5 h6 9. Bh4 Nc6 10. Nb3 Be6 11. h3 Nge5 12. Nd5 g5 13. Bg3 Ng6 14. c3 0-0 15. f4 Bxd5 16. exd5 gxf4 17. Bxf4 Nxf4 18. Qxf4 Ne5 19. g4 e6 20. 0-0-0 Ng6 21. Qe4 Qg5+ 22. Kb1 exd5 23. Qxd5 Qxd5 24. Rxd5 Be5 25. Nd4 Ne7 26. Rb5 b6 27. Bd3 Rac8 28. Nf5 Nxf5 29. Bxf5 Rc4 30. Rf1 Re8 31. Bd3 Rf4 32. Rxf4 Bxf4 33. Rf5 Be5 34. Bc4 Re7 1/2-1/2

[Event "SLO-chT 16th"]
[Site "Ljubljana"]
[Date "2006.07.05"]
[Round "4"]
[White "Mesojedec, Zvonko"]
[Black "Ivanec, Dezider"]
[Result "1/2-1/2"]
[WhiteElo "2004"]
[BlackElo "2170"]
[PlyCount "78"]
[EventDate "2006.07.03"]
[EventType "team"]
[EventRounds "9"]
[EventCountry "SLO"]
[SourceTitle "EXT 2008"]
[Source "ChessBase"]
[SourceDate "2007.11.25"]
[SourceVersion "1"]
[SourceVersionDate "2007.11.25"]
[SourceQuality "1"]

1. e4 g6 2. d4 Bg7 3. Be3 c6 4. Nc3 d6 5. Qd2 Nd7 6. 0-0-0 b5 7. f3 Nb6 8. Qf2 b4 9. Nb1 a5 10. d5 c5 11. g4 Bd7 12. g5 Na4 13. b3 Bb2+ 14. Kd2 Nc3 15. Nxc3 Bxc3+ 16. Kc1 a4 17. Bc4 Qa5 18. Kb1 Bb5 19. Bxb5+ Qxb5 20. Ne2 axb3 21. cxb3 Bg7 22. Nc1 h6 23. h4 Ra3 24. f4 Qa6 25. Qc2 hxg5 26. fxg5 Be5 27. Qf2 c4 28. Bd4 cxb3 29. Nxb3 Qc4 30. Qb2 e6 31. dxe6 fxe6 32. Ka1 Rh7 33. Bxe5 dxe5 34. Qxe5 Rxa2+ 35. Kxa2 Qc2+ 36. Ka1 Ra7+ 37. Na5 Rxa5+ 38. Qxa5 Qc3+ 39. Kb1 Qb3+ 1/2-1/2

[Event "EU-chT Railways USIC 14th "]
[Site "Balatonboglar"]
[Date "1996.05.26"]
[Round "6.6"]
[White "Mesojedec, Zvonko"]
[Black "Tscheinig, Gert"]
[Result "1-0"]
[WhiteElo "2010"]
[BlackElo "1940"]
[PlyCount "51"]
[EventDate "1996.05.19"]
[EventType "team-tourn"]
[EventRounds "7"]
[EventCountry "HUN"]
[SourceTitle "EXT 2004"]
[Source "ChessBase"]
[SourceDate "2003.11.25"]
[SourceVersion "1"]
[SourceVersionDate "2003.11.25"]
[SourceQuality "1"]

1. e4 d5 2. exd5 Nf6 3. Nc3 Nxd5 4. d4 g6 5. Bc4 c6 6. Nf3 Bg7 7. h3 0-0 8. 0-0 Nxc3 9. bxc3 c5 10. Be3 cxd4 11. cxd4 Qc7 12. Qe2 Nc6 13. Rac1 h6 14. c3 e5 15. Rfd1 exd4 16. cxd4 Rd8 17. d5 Ne5 18. Bb3 Qd6 19. Bc5 Nxf3+ 20. Qxf3 Qf6 21. Qg3 Qe5 22. Qh4 Bd7 23. Re1 Qf6 24. Qb4 b6 25. Be7 Bf8 26. Bxd8 1-0